000 00545nam a2200229Ia 4500
003 OSt
005 20220918200723.0
006 a|||||r|||| 00| 0
007 ta
008 220917b |||||||| |||| 00| 0 eng d
024 _a90,004
037 _cTextual
040 _aARTS
_cARTS
_beng
041 _2eng
_aeng
082 _aU8.4.N7, K7
100 _aSalisbury H E
_995297
245 0 _aOrbit of China
260 _c1967
650 _aGEOGRAPHY
942 _hU8.4.N7, K7
_cTEXL
_2CC
999 _c213673
_d213673